91/2 Mystics (Record no. 9680)

MARC details
000 -LEADER
fixed length control field 00628nam a2200253 a 4500
020 ## - INTERNATIONAL STANDARD BOOK NUMBER
ISBN 0684250
082 00 - DEWEY DECIMAL CLASSIFICATION NUMBER
Classification number 296.712
Author Cutter WEI
100 ## - MAIN ENTRY--AUTHOR NAME
Author name Weiner, Herbert
245 ## - TITLE STATEMENT
Title 91/2 Mystics
Sub title the Kabbala Today
260 ## - PUBLICATION, DISTRIBUTION, ETC. (IMPRINT)
Place of publication New York
Name of publisher Charles Scribner`s Sons,
Year of publication 1969
300 ## - PHYSICAL DESCRIPTION
Number of Pages 404p
500 ## - GENERAL NOTE
General note includes index and biblioraphy
505 2# - FORMATTED CONTENTS NOTE
Formatted contents note Index
650 ## - SUBJECT ADDED ENTRY--TOPICAL TERM
Topical Term Mysticism-Judaism
650 ## - SUBJECT ADDED ENTRY--TOPICAL TERM
Topical Term Kabbala
942 ## - ADDED ENTRY ELEMENTS (KOHA)
Koha item type Books
700 1# -
-- Weiner, Herbert
Holdings
Collection code Home library Current library Date acquired Cost, normal purchase price Full call number Accession Number Koha item type
  Henry Martyn Institute Library Henry Martyn Institute Library 07/27/2007 343.00 296.712 WEI 019315 Books
                   Copyright © 2026 | Henry Martyn Institute | Hyderabad | TS-500052 | INDIA | Implemented by hmi.edu.in
Hit-Count:

Powered by Koha